| 000 | 01524cam a2200409 i 4500 | ||
|---|---|---|---|
| 999 |
_c7391 _d7391 |
||
| 001 | 21951868 | ||
| 003 | OSt | ||
| 005 | 20211026101539.0 | ||
| 008 | 200320t20202020enkab b 001 0 eng d | ||
| 010 | _a 2020476630 | ||
| 020 | _a9781909112810 | ||
| 020 | _a190911281X | ||
| 035 | _a(OCoLC)on1145082292 | ||
| 040 |
_aYDX _beng _cDDC _erda _dOCLCQ _dZCU _dUAB _dOCLCO _dDLC |
||
| 042 | _alccopycat | ||
| 043 | _af-ug--- | ||
| 050 | 0 | 0 |
_aHJ7929.3 _b.P82 2020 |
| 082 | _a336.39PUB 2020 | ||
| 100 |
_aMushemeza,Elijah Dickens; Bogere,George; Kavuma,Susan Namirembe; _915135 |
||
| 245 | 0 | 0 |
_aPublic expenditure governance in Uganda. _bInputs, Processes and Outcomes. _cEdited by Mushemeza,Elijah Dickens; Bogere,George and Kavuma,Susan Namirembe; |
| 264 | 1 |
_aLondon ; _bAdonis & Abbey Publishers Ltd, _c2020 |
|
| 300 |
_axix,226p; _billustrations, maps ; _c24cm |
||
| 336 |
_atext _btxt _2rdacontent |
||
| 336 |
_astill image _bsti _2rdacontent |
||
| 336 |
_acartographic image _bcri _2rdacontent |
||
| 337 |
_aunmediated _bn _2rdamedia |
||
| 338 |
_avolume _bnc _2rdacarrier |
||
| 504 | _aIncludes; bibliographical references and index. | ||
| 650 | 0 |
_aEconomics. _9975 |
|
| 700 | 1 |
_aMushemeza, Elijah Dickens, _eeditor. _915136 |
|
| 700 | 1 |
_aBogere, George, _eeditor. _915137 |
|
| 700 | 1 |
_aKavuma, Susan N., _eeditor. _915138 |
|
| 906 |
_a7 _bcbc _ccopycat _d3 _encip _f20 _gy-gencatlg |
||
| 942 |
_2ddc _cO_SHELF |
||